000 00993nam a2200265 a 4500
001 25920
003 CO-ViMGA
005 20230915232139.0
008 141112s2004 ck r 000 u spa d
020 _a8426132103
035 _aAHQ2707 LA
040 _aCO-ViMGA
_bspa
_cCO-ViMGA
041 _aspa
082 0 4 _a649.3 R65p
100 1 _aRomero Pérez, José Luis, 1951 -
_940444
245 1 0 _aPara que tus hijos coman bien :
_bcontra los errores de la alimentación infantil /
_cJosé Luis Romero ; director de la colección Manuel Manzano.
260 _aBarcelona :
_bEditorial Juventud,
_c2001.
300 _a168 p. : il. ; 22 cm.
490 _aMateria gris
650 1 4 _aNutrición infantil.
_950105
700 1 _aManzano, Manuel, 1965 - .
_940445
740 _aContra los errores de la alimentación infantil.
942 _2ddc
_cBK
999 _c33157
_d33157